| 000 -LEADER |
| fixed length control field |
00792nam a2200241 a 4500 |
| 001 - CONTROL NUMBER |
| control field |
19803 |
| 003 - CONTROL NUMBER IDENTIFIER |
| control field |
BD-DhUAP |
| 005 - DATE AND TIME OF LATEST TRANSACTION |
| control field |
20220918202443.0 |
| 008 - FIXED-LENGTH DATA ELEMENTS--GENERAL INFORMATION |
| fixed length control field |
200301s2007 enka b 001 0 eng |
| 020 ## - INTERNATIONAL STANDARD BOOK NUMBER |
| International Standard Book Number |
9781845113810 (hbk.) |
| 020 ## - INTERNATIONAL STANDARD BOOK NUMBER |
| International Standard Book Number |
1845113810 (hbk.) |
| 040 ## - CATALOGING SOURCE |
| Original cataloging agency |
UKM |
| Transcribing agency |
UKM |
| Modifying agency |
BD-DhUAP |
| Language of cataloging |
Eng |
| 082 04 - DEWEY DECIMAL CLASSIFICATION NUMBER |
| Edition number |
23 |
| Classification number |
726.2095492 HAS |
| 100 1# - MAIN ENTRY--PERSONAL NAME |
| Personal name |
Hasan, Perween. |
| 9 (RLIN) |
5116 |
| 245 10 - TITLE STATEMENT |
| Title |
Sultans and mosques : |
| Remainder of title |
the early Muslim architecture of Bangladesh / |
| Statement of responsibility, etc. |
Perween Hasan. |
| 260 ## - PUBLICATION, DISTRIBUTION, ETC. |
| Place of publication, distribution, etc. |
London : |
| Name of publisher, distributor, etc. |
I. B. Tauris, |
| Date of publication, distribution, etc. |
c2007. |
| 300 ## - PHYSICAL DESCRIPTION |
| Extent |
xiii, 241 pages : |
| Other physical details |
illustrations ; |
| Dimensions |
26 cm. |
| 504 ## - BIBLIOGRAPHY, ETC. NOTE |
| Bibliography, etc. note |
Include index. |
| 650 #0 - SUBJECT ADDED ENTRY--TOPICAL TERM |
| Topical term or geographic name entry element |
Mosques |
| Geographic subdivision |
Bangladesh |
| General subdivision |
History. |
| 9 (RLIN) |
5117 |
| 650 #0 - SUBJECT ADDED ENTRY--TOPICAL TERM |
| Topical term or geographic name entry element |
Islamic architecture |
| Geographic subdivision |
Bangladesh |
| General subdivision |
History. |
| 9 (RLIN) |
5118 |
| 942 ## - ADDED ENTRY ELEMENTS (KOHA) |
| Source of classification or shelving scheme |
|
| Koha item type |
Book |